SMM Real Names - Statistics

General Stats
  • This quiz has been taken 3 times
  • The average score is 205 of 272
Answer Stats
Hint Answer % Correct
Michael Reden 6
100%
Abaddon Morningstar Abaddon
100%
Simon Ondel Abztrakt
100%
Adm1nistrator OS Adm1n
100%
Aethen Dawn Aethen
100%
Xavier Grends Agent X
100%
Alexandra Raen Andromeda
100%
Annie Aros Annie
100%
Melissa Grey Another
100%
Asmodeus Morningstar Asmodeus
100%
Maria Redmond Asteroid
100%
Atlas Korolov Atlas the Giant
100%
Ayden K. Yents Ayden Yents
100%
Azazel Morningstar Azazel
100%
Azraphel Morningstar Azraphel
100%
Ren Barracks Axel Barrack the Armory
100%
Bartholomew Him Bartholomew Him
100%
Mr. Showhost Battle Network
100%
Beelzebub Morningstar Beelzebub
100%
Belphegor Morningstar Belphegor
100%
Kai Blazen Blaze
100%
Christopher Michael Reden Blood Warden
100%
Joseph Monet Brass
100%
Alex White Bright
100%
Samuel Monet Bronze
100%
Samuel Bronze Kendor Brute
100%
Mason Chester Captain Chester
100%
Axel Fist Captain Fist
100%
Rena Janie Gris Captain Gris
100%
Arthur Him Captain Him
100%
Ryan Helson Retrion Captain Retrion
100%
Carson William Carson
100%
Cross Chosen One
100%
Connor Maxen Conn
100%
Charles Grayson Ghan Constructor
100%
Edgar Torrin Copy
100%
X'zerion Zerus Crisis
100%
James Harrison Crockett
100%
Charles Bonns Crush
100%
Darius IV Darius
100%
Dave Darkvice Axel Darkvice the Dealer
100%
Death Eveningstar Death
100%
Beezlebub Christ Decker
100%
George Fredrick Dean Destructor
100%
Don Immacula Gesier-Rosa Jr. Don Gesier
100%
Robert Axton Dr. Axton
100%
George Ceren Dr. C
100%
Alexander Bartholomew Mort Dr. Chaos
100%
Dvil Pyreson Dvil
100%
Mitchell Renn Ember
100%
James Thomas Ornis Exo
100%
Henry Magesson Flamewalker Jr. Flamewalker
100%
Flammen-Moloch Flammen-Moloch
100%
Ace Sento Flare
100%
Macy Renn Frostbite
100%
Hades Christ Glaze
100%
Divyana Durga God Durga
100%
Rich Guardsman Axel Guardsman the Authority
100%
Riley Ceren Hazmat
100%
Ezra Abram Saint Holy Knight Saint
100%
Nathaniel Orchid I-0
100%
Max Granid I-1
100%
Chiko Dai I-2
100%
Erik Redox I-3
100%
Charles Knon I-4
100%
Hank Arnos Arz I-5
100%
Harold Hank Arz I-6
100%
Setso Shizi Illusion
100%
Inor Pepyr Inor the Mage
100%
Aaron Denton Laze Ion
100%
James Chosensson Flamewalker James Flamewalker
100%
Jonathan Soyworth III Johnny Soy
100%
John Helson Retrion John Retrion
100%
Kevin Gregory Knox Kaboom
100%
Kha Khozen Kha
100%
Kevin Aros Kid Awesome
100%
Nicholas Syther Knox Killer
100%
Kovell Dawn Kovell
100%
Lucifer Morningstar Lucifer
100%
Mammon Morningstar Mammon
100%
Max Wellstrom Max
100%
Maxxim Hells Maxx
100%
Talos Metal Knight
100%
K. Kennedy Mr. K
100%
Hyde O. Noteks Mr. Noteks
100%
Trevor Ost Mr. Ost
100%
Khryst Onex Xexolyte Mr. Otto
100%
R. Richardson Mr. R
100%
S. Silas Mr. S
100%
Z. Zacharias Mr. Z
100%
Hoshizuki Aia Ms. Aia
100%
Alexis Maylen Luna Ms. Luna
100%
Aaron Markus Nano
100%
Ezekiel Umbre Necro
100%
Micheal Roberts Pace
100%
Henry Flour Paladin Flour
100%
Power Cosmic Power Cosmic
100%
Jackson Knightson Laroth Professor Laroth
100%
Amy Len Quantum
100%
Bryan Rays R
100%
Peter Knix Rampage
100%
Max Raymond Raymond
100%
Mary Tanaka | Victor Ceren Razor
100%
Darkness | Satan Christ | Ytterius Xen Reaper
100%
Omar Len Recoil
100%
Adam Reid Red Arm Raid
100%
Ronn Bryce Dian Revenge
100%
Samael Lucifer Samael
100%
Satan Morningstar Satan
100%
Amy Lisa Savior
100%
Max Redd Scorch
100%
Sensō Koichi Haki Sensō
100%
Aaron Brigen Shrapnel
100%
Xeken Uyaril Shred
100%
Possibly Milk Sinister Cider
100%
Windy Snipesalot Sir Windy Snipesalot
100%
Ryan Fritz Sketch
100%
Micheal Thomas Smiley
100%
Sam Smithson Axel Smithson the Forger
100%
Soloman Brenton Luna Sol
100%
Jack Sensō Haki Split
100%
Darrin Mors Sponge
100%
Spudnor VIII Spudnor
100%
Samael Syber-Satan
100%
Asim Ur The Ancient
100%
Angel The Angel
100%
Don Mors The Anti-Abnormal
100%
Ethan Fritz The Artist
100%
Beginning The Beginning
100%
Beyond Dawnstar The Beyond
100%
Boundless The Boundless
100%
Celestial The Celestial
100%
Akuma The Chaos King
100%
God The God
100%
Hero The Hero
100%
Hivemind The Hivemind
100%
Green Split The Mediator
100%
Oni The Oni
100%
Blue Watch The Overseer
100%
Pantheon The Pantheon
100%
Norkius Therma Therma-Knight
100%
Bethzatha Morningstar The Titan
100%
Joseph Renn Thunderfist
100%
Zay Binds Titan
100%
Theodore Liamson Toxin
100%
TS-101 Mk 4 Trendle
100%
Tsar Otto Tsar
100%
Ayden Sensō Haki Verte
100%
Xenoth Lucifer Xenoth
100%
Zenyth Dawn Zenyth
100%
X'zornis Zerus Zerus
100%
Dion Ace 0perator
50%
Sarah Daniels Abandon
50%
Michael Saint Abyss
50%
M7A Agent Champion
50%
M4A Agent Goliath
50%
M4B Agent Hive
50%
M7B Agent Hunter
50%
M1A Agent Pyre
50%
M2A Agent Star
50%
M2B Agent Umbra
50%
M1B Agent Winter
50%
M0A Agent Zero
50%
Alicia Crost Alicia Crost the Absolute
50%
Josep Sansa Animal
50%
Aaron Phon Archer
50%
Lucifer _ArkAngel_
50%
Nathan Azire Ash
50%
Hizen Danketsu-do Balance
50%
Holo-Blade Blade
50%
Aaron Orson Blazer
50%
Color Blot
50%
Sandra Miren Burnout
50%
Maria Renn Cloudburst
50%
Othora Horoman Commander Hollow
50%
Mono Commander Mono
50%
Raiden Alex Mac Commando
50%
Concuss Unit 808 Crash
50%
Emily Rosette Creep
50%
Harry Orville Zent Dead-MAX
50%
Harrison Ross Deathbringer
50%
Damien Dawn Demon Hunter
50%
Tri Doc
50%
Zeki Zero Zimmerman-Zager Dr. ZZ
50%
Ron Brian Maxan Duo
50%
Enir Ornim Eclipse
50%
Arnold Orion Execution
50%
Marshall Elman F-Ink
50%
Bryce Raz Firepower
50%
Flint Reed Flaros
50%
Alchemist_v7 F.M.
50%
Knight_v7 Frontline
50%
Sergio Alvarado Geo
50%
Don Immacula Gesier Gesier the Hunter
50%
Davis Liam Morrin Ghost
50%
Elaine Haylis Haylis
50%
Hank Alexander Redd Hunter'
50%
Alpha-23783 Hydrogen
50%
Preston Isaac Colter Impact
50%
Daemon_v7 Incinerator
50%
Jacobson Henry Jackhammer
50%
Jamiel Dawn James Saint
50%
James Nathaniels JR
50%
Barbarian_v7 Jury
50%
Arthur Klein Klein
50%
Messenger_v7 Lightspeed
50%
Markus Kira Luminal
50%
Phlogiston MagmaTitan
50%
J'zarion Mase Gunn Mase
50%
Jin Kajitsu Ikari Mince
50%
2013/1 Mk 1
50%
Albert James Armond Moon Force
50%
Khryst Kyllion Levox Mr. Kristen
50%
Khryst Raez Levox Mr. Rays
50%
Khryst Xon Xexolyte Mr. Xavier
50%
Warren Reissman Nitro
50%
Yoko Kurai Obsidian
50%
Hydronia OceanTitan
50%
Trey Zavier Officer Zavier
50%
Derrick Mays Optix
50%
Kaleb Driver Overdrive
50%
Erik Rogers Pain
50%
Titus Thorne Piercer
50%
Chemian PollutionTitan
50%
XX Proto-X
50%
Quentin Tarr Quake
50%
Jonathan Atkins Raster
50%
Giichi Kurrō Haki Retribution
50%
2017/2 Singularity
50%
Simon Raz SJ
50%
Scott Rends Skull
50%
Z'Arion Raymond Branch Skull Crusher
50%
Skylario StormTitan
50%
Samuel O'Neil Succession
50%
Tristan Yelton Switch
50%
Deus Mechanica Tek
50%
Orange Death The Castigator
50%
Red Smite The Harbinger
50%
Xeno Eleven The Machine
50%
Arkonius Therma Therma-Archer
50%
Alexander Macedon The Warrior
50%
Nathan Dragonwell Torch-Head
50%
Kyle Grey Maxan Two
50%
Paladin_v7 Ubernaut
50%
Helen Mors Victoria
50%
Jimmy Tarisson Warrior
50%
Henry Grayson Windpiercer
50%
X-Infinity X-Infinity the Third
50%
Frank Maxis Z-2.0
50%
X'Zannin Zerus Zerus VII
50%
M6A Agent Atlas
0%
M3B Agent Blitz
0%
M6B Agent Decay
0%
M3A Agent Knight
0%
M5A Agent Seeker
0%
M5B Agent Shroud
0%
Jay Trenton Defender
0%
Edison Greenwood Echo
0%
Harry Flaman Knight
0%
Fredrick Orglaz Melontal
0%
James Grey Overcharge
0%
Gary Malenkov Rock Solid Golem
0%
Samantha Parson Samantha
0%
Sonny Varren Solvent
0%
Yellow Judge The Accuser
0%
Purple Array The Collector
0%
Johnathan Red The Painless
0%
Huntress_v7 Trapper
0%
No matching quizzes found
Score Distribution
Percent of People with Each Score
Percentile by Number Answered
Your Score History
You have not taken this quiz